000 00602nam a22002177a 4500
003 OSt
005 20140310184301.0
008 121109t xxu||||| |||| 00| 0 eng d
020 _a0439309212
050 _aE 444
_b.K96 2002
100 _aKulling, Monica
_923031
245 _aEscape North! : The Story of Harriet Tubman /
_cMonica Kulling, Illustrated By: Teresa Flavin
260 _aNew York :
_bScholastic Inc.,
_c2002.
300 _a48 p. :
_bcol. ill. ;
_c23 cm.
521 _aG2
526 _c440
942 _2lcc
_cBK-SCHOLAS
999 _c33456
_d33456